Biggest villages and towns of São Tomé and Príncipe - Statistics

General Stats
  • This quiz has been taken 3 times
  • The average score is 2 of 45
Answer Stats
Distrito Population Town % Correct
Água Grande 66.888 São Tomé
100%
Lembá 8391 Neves
33%
Caué 795 Porto Alegre
33%
Príncipe 2576 Santo António
33%
Cantagalo 1255 Água Izé
0%
Mé-Zóchi 3923 Almas
0%
Mé-Zóchi 875 Barro
0%
Mé-Zóchi 775 Batepá
0%
Lobata 517 Bela Vista
0%
Mé-Zóchi 795 Belém
0%
Lobata 738 Boa Entrada
0%
Mé-Zóchi 3072 Bombom
0%
Mé-Zóchi 1762 Caixão Grande
0%
Mé-Zóchi 649 Capela
0%
Lobata 1044 Changra
0%
Mé-Zóchi 1458 Cola Grande
0%
Lobata 1800 Conde
0%
Lobata 560 Desejada
0%
Mé-Zóchi 600 Diogo Simão
0%
Lembá 632 Diogo Vaz
0%
Mé-Zóchi 831 Folha Fede
0%
Lobata 3326 Guadalupe
0%
Mé-Zóchi 1136 Lemos
0%
Lobata 639 Maianço
0%
Caué 550 Malanza
0%
Mé-Zóchi 661 Margarida Manuel
0%
Lobata 1404 Micóló
0%
Cantagalo 872 Micondo
0%
Mé-Zóchi 779 Monta Alegre
0%
Mé-Zóchi 684 Monte Café
0%
Lobata 992 Neto
0%
Mé-Zóchi 678 Obo Izaquente
0%
Mé-Zóchi 712 Obolongo
0%
Mé-Zóchi 585 Ototó
0%
Água Grande 3391 Pantufo
0%
Mé-Zóchi 517 Pété-Pété
0%
Lembá 615 Ponta Figo
0%
Lobata 584 Praia Morro Peixe
0%
Cantagalo 1971 Ribeira Afonso
0%
Caué 503 Ribeira Peixe
0%
Lembá 1862 Santa Catarina
0%
Cantagalo 7445 Santana
0%
Lobata 1063 Santo Amaro
0%
Caué 2249 São João dos Angolares
0%
Mé-Zóchi 6685 Trindade
0%
No matching quizzes found
Score Distribution
Percent of People with Each Score
Percentile by Number Answered
Your Score History
You have not taken this quiz